LEADER 01636nam0 22003613i 450 001 VAN00256029 005 20251118094445.852 017 70$2N$a9783031094910 100 $a20230320d2022 |0itac50 ba 101 $aeng 102 $aCH 105 $a|||| ||||| 181 $ai$b e 182 $ab 183 $acr 200 1 $aDeep-Level Gold and Platinum Mining$eThe Application of Geophysics in South Africa$fMichael van Schoor ... [et al.] 210 $aCham$cSpringer$d2022 215 $aVI, 76 p.$cill.$d25 cm 620 $aCH$dCham$3VANL001889 676 $a624.151$cIngegneria strutturale e tecnica delle costruzioni sotterranee - Tecnica delle fondazioni. Ingegneria geotecnica$v22 676 $a550$cScienze della terra e geologia - Geofisica$v22 676 $a551$cGeologia, idrogeologia, meteorologia$v22 676 $a526$cCartografia - Geodesia$v22 702 1$avan Schoor$bMichael$3VANV209315 712 $aSpringer $3VANV108073$4650 801 $aIT$bSOL$c20251121$gRICA 856 4 $uhttps://link.springer.com/book/10.1007/978-3-031-09491-0$zE-book - Accesso al full-text attraverso riconoscimento IP di Ateneo, proxy e/o Shibboleth 899 $aBIBLIOTECA DEL DIPARTIMENTO DI SCIENZE E TECNOLOGIE AMBIENTALI BIOLOGICHE E FARMACEUTICHE$1IT-CE0101$2VAN17 912 $fN 912 $aVAN00256029 950 $aBIBLIOTECA DEL DIPARTIMENTO DI SCIENZE E TECNOLOGIE AMBIENTALI BIOLOGICHE E FARMACEUTICHE$d17CONS e-book 2307 $e17BIB2307/391 391 20230320 $sBuono 996 $aDeep-Level Gold and Platinum Mining$93060627 997 $aUNICAMPANIA